000
00504nam a2200181Ia 4500
008
090123s9999 xx 000 0 und d
082
_b
39656
100
_a
घाटे उज्वला
245
_a
कोलाज
250
_a
1
260
_b
प्रियांजली प्रकाशन
_c
2006
300
_a
160
600
_a
घाटे उज्वला
630
_a
कोलाज
700
_a
घाटे उज्वला
730
_a
कोलाज
942
_c
BOOK
999
_c
77728
_d
77728